| 000 | 00932nam a22002535a 4500 | ||
|---|---|---|---|
| 003 | OSt | ||
| 005 | 20170305122904.0 | ||
| 008 | 170226s2009 ua frb 000 0 ara d | ||
| 015 | _a2009 / 22375 | ||
| 020 | _a9789770462694 | ||
| 040 |
_aEG-ScBUE _bara _cEG-ScBUE |
||
| 082 | 0 | 4 |
_222 _a342.085 _bش ي خ |
| 100 | 1 | _aشيخ، إبراهيم علي بدوي. | |
| 245 | 1 | 0 |
_aمقاصد الشريعة الإسلامية وحقوق الإنسان / _cإبراهيم علي بدوي الشيخ. |
| 260 |
_aالقاهرة : _bدار النهضة العربية، _c2009. |
||
| 300 |
_a264 ص. ؛ _c24 سم. |
||
| 504 | _aيشتمل على إرجاعات ببليوجرافية. | ||
| 650 | 0 |
_2BUEsh _aحقوق الإنسان. _98073 |
|
| 650 | 7 |
_2BUEsh _aالإسلام وحقوق الإنسان. |
|
| 650 | 7 |
_2BUEsh _aحقوق الإنسان (فقه إسلامي) |
|
| 651 | _2BUEsh | ||
| 653 |
_bLLAAWW _cMarch2017 |
||
| 942 | _2ddc | ||
| 999 |
_c24312 _d24284 |
||